| 000 | nam a22 7a 4500 | ||
|---|---|---|---|
| 999 |
_c29521 _d29521 |
||
| 008 | 180116b xxu||||| |||| 00| 0 eng d | ||
| 020 | _a9788122407570 | ||
| 050 | _aTN 690.4 .L33S66 1996 | ||
| 100 | _aSood,Hermant. | ||
| 245 |
_aLaboratory manual on testing of engineering materials/ _cHermant Sood |
||
| 250 | _bReprint 2013 | ||
| 260 |
_aNew Delhi, India : _bNew age international, _c1996. |
||
| 300 |
_av,78p. : _bill. ; _c24cm |
||
| 650 | _aEngineering & applied operations. | ||
| 942 |
_2lcc _cBOOKS _hTN 690.4 .L33S66 1996 _01 |
||